书目信息 |
| 题名: |
微波集成电路计算机辅助设计手册
|
|
| 作者: | 周文表 编著 | |
| 分册: | ||
| 出版信息: | 北京 人民邮电出版社 1988 |
|
| 页数: | 1019页 | |
| 开本: | 26cm | |
| 丛书名: | ||
| 单 册: | ||
| 中图分类: | TN454-62 | |
| 科图分类: | ||
| 主题词: | 混合集成电路 | |
| 电子资源: | ||
| ISBN: | ||
| 000 | 00595nam0 2200193 450 | |
| 001 | 0653100421 | |
| 005 | 20061123144732.79 | |
| 010 | @b精装@dCNY15.00 | |
| 100 | @a20061123d1988 km y0chiy0120 ea | |
| 101 | 0 | @achi |
| 102 | @aCN@b110000 | |
| 200 | 1 | @a微波集成电路计算机辅助设计手册@Awei bo ji cheng dian lu ji suan ji fu zhu she ji shou ce@f周文表 编著@Fzhou wen biao bian zhu |
| 210 | @a北京@c人民邮电出版社@d1988 | |
| 215 | @a1019页@d26cm | |
| 606 | 0 | @a混合集成电路 |
| 690 | @aTN454-62@v3 | |
| 701 | 0 | @a周文表@Azhou wen biao@4编著 |
| 801 | 0 | @aCN@bPFT@c20061123 |
| 905 | @a10447@dTN454-62@e63 | |
| 微波集成电路计算机辅助设计手册/周文表 编著.-北京:人民邮电出版社,1988 |
| 1019页;26cm |
| ISBN (精装):CNY15.00 |
| ● |
| 相关链接 |
|
|
|
|
正题名:微波集成电路计算机辅助设计手册
索取号:TN454-62/63
 
预约/预借
| 序号 | 登录号 | 条形码 | 馆藏地/架位号 | 状态 | 备注 |
| 1 | 0214051 | 202106498 | 第二样本阅览室/ [索取号:TN454-62/63] | 在馆 |